000 00304nam a2200109Ia 4500
008 220204s9999 xx 000 0 und d
082 _a93/99(47+57)
_bCAR
100 _aCarr, E H
245 0 _aHistory of Soviet Russia: The Bolshevik revolution 1917-1923
260 _aLondon
_bMacmillan
_c1950
942 _cBK
999 _c31838
_d31838